CaGeWeB
  • bibliotheken
  • achtergrond
  • partners
  • historiek
naar

MARC Record

Leader
003 BE-GnUNI
007 't'u
035
  
  
a| (MSK)310002983
084
  
  
a| I.KISTLER H.1
245
0
0
a| Heinz Kistler : b| Aquarelle und Zeichnungen (Ausstellung Köln, Gemälde-Galerie Abels, 02.07 - 19.08.1961).
260
  
  
a| Köln : b| Gemälde-Galerie Abels, c| 1961.
546
  
  
a| Duits
585
  
  
a| Heinz Kistler : Aquarelle und Zeichnungen
500
  
  
a| Tentoonstellingscatalogus
600
1
7
a| Kistler, Heinz. 2| z
852
4
  
b| MSK c| MSK j| I.KISTLER H.1
920
  
  
a| boek
001 000002973
005 20241224121601.0
  • CaGeWeB vzw

    p/a Bagattenstraat 174, 9000 Gent

    voorzitter: Hendrik Defoort
    bestuurders: Frea Vancraeynest, Brigitte De Meyer, Ellen Ryckx, Kim Robensyn